Spotrebitelia a trvalo udržateľné produkty diplomová práca

Na minha lista:
Detalhes bibliográficos
Autor principal: Garaiová, Sandra
Autor Corporativo: Obchodná fakulta EU. Katedra marketingu
Outros Autores: Korčoková, Marína, 1970-
Formato: Livro
Idioma:eslovaco
Publicado em: Bratislava 2014
Tags: Adicionar Tag
Sem tags, seja o primeiro a adicionar uma tag!

MARC

LEADER 00000nbm a2200000 4500
001 0185954
005 20170201094045.6
041 0 |a slo 
044 |a SK 
245 1 0 |a Spotrebitelia a trvalo udržateľné produkty  |b diplomová práca  |c Sandra Garaiová ; školiteľ: Marína Korčoková 
264 1 |a Bratislava  |c 2014 
300 |a 104 s. 
100 1 |a Garaiová, Sandra 
700 1 |a Korčoková, Marína, 1970- 
710 2 |a Obchodná fakulta EU. Katedra marketingu